00254pam a2200109 a 4500020000500000041000500005082001000010100003800020245005300058260002500111300000800136 c h a5.133 aARNOLD. K. GOSLING, J. HOLMES. D. aTHE JAVA PROGRAMMING LANGUAGEhTextual Documents bADDISON WESLEYc2000 a672